| 000 | 00596nam a2200217 4500 | ||
|---|---|---|---|
| 003 | OSt | ||
| 005 | 20240719034223.0 | ||
| 006 | a | ||
| 008 | 240719b |||||||| |||| 00| 0 eng d | ||
| 020 | _a8179290204 | ||
| 040 |
_aDWCL-Main lib. _cOC |
||
| 082 | _aCirc. 808.51 M983h 2002 | ||
| 100 | _aMurray, Mitch | ||
| 245 | _aHow to use the best one lners in your business speeches / | ||
| 260 |
_aNew Delhi : _bInfinity Books, _cc2002. |
||
| 300 |
_b224p. ; _c22cm. |
||
| 504 | _aIncludes index. | ||
| 650 | _a1. Speech. | ||
| 650 | _a2. Public speaking. | ||
| 942 |
_2ddc _n0 _cBK-CIRC _kCirc. |
||
| 999 |
_c2424 _d2424 |
||